[Event "Memorial Urbanec Miroslav"]
[Site "?"]
[Date "2009.??.??"]
[Round "?"]
[White "Schwarz, Jan"]
[Black "Kuta, Jirí"]
[Result "0-1"]
[WhiteElo "2325"]
[BlackElo "2423"]
[PlyCount "78"]
[EventDate "2009.??.??"]
[EventType "corr"]
[SourceDate "2004.06.03"]

1. c4 e5 2. g3 Nf6 3. Bg2 d5 4. cxd5 Nxd5 5. Nc3 Nb6 6. Nf3 Nc6 7. O-O Be7 8.
a3 O-O 9. b4 Be6 10. d3 a5 11. b5 Nd4 12. Nxe5 Bf6 13. f4 Nb3 14. Be3 Nxa1 15.
Qxa1 Nd5 16. Bd4 a4 17. Qb2 Nxc3 18. Qxc3 Bd5 19. Bh3 Re8 20. Rc1 Qd6 21. Bg4
Rad8 22. Qb2 Be6 23. Bxe6 Rxe6 24. Rc4 g5 25. Qc1 gxf4 26. gxf4 Bxe5 27. Bxe5
Qb6+ 28. Kh1 Qf2 29. Qg1+ Qxg1+ 30. Kxg1 f6 31. Bxc7 Rd5 32. Kf2 Rxb5 33. Rxa4
Rc5 34. Bd8 Kf7 35. Kf3 Rc8 36. Rd4 b6 37. Kg4 Rcc6 38. e4 Rcd6 39. Rxd6 Rxd6
0-1

[Event "Memorial Urbanec Miroslav"]
[Site "?"]
[Date "2009.??.??"]
[Round "?"]
[White "Schwarz, Jan"]
[Black "Pirhala, Ladislav"]
[Result "0-1"]
[WhiteElo "2325"]
[BlackElo "2370"]
[PlyCount "54"]
[EventDate "2009.??.??"]
[EventType "corr"]
[SourceDate "2004.06.03"]

1. c4 Nf6 2. Nf3 g6 3. g3 Bg7 4. Bg2 O-O 5. O-O c5 6. d4 d6 7. Nc3 Nc6 8. d5
Na5 9. Nd2 a6 10. Qc2 Rb8 11. b3 b5 12. Bb2 e5 13. Rab1 Ng4 14. cxb5 axb5 15.
a4 b4 16. Nb5 f5 17. h3 Nf6 18. Rfd1 Qb6 19. Ra1 Ra8 20. e3 e4 21. Bf1 Nd7 22.
Nc4 Nxc4 23. Bxc4 Ne5 24. Be2 Qd8 25. Rac1 g5 26. Ba1 Qe7 27. Rf1 f4 0-1

[Event "Memorial Urbanec Miroslav"]
[Site "?"]
[Date "2009.??.??"]
[Round "?"]
[White "Schwarz, Jan"]
[Black "Zahour, Jirí"]
[Result "0-1"]
[WhiteElo "2325"]
[BlackElo "2331"]
[PlyCount "116"]
[EventDate "2009.??.??"]
[EventType "corr"]
[SourceDate "2004.06.03"]

1. c4 e5 2. g3 Nf6 3. Bg2 c6 4. d4 exd4 5. Qxd4 Na6 6. Nc3 Bc5 7. Qe5+ Be7 8.
Nf3 O-O 9. O-O d6 10. Qd4 h6 11. Rd1 Bf5 12. e4 Bh7 13. Qe3 Re8 14. Nd4 Bf8 15.
Qe2 Qe7 16. Qd2 Rad8 17. Re1 d5 18. cxd5 cxd5 19. e5 Ne4 20. Nxe4 dxe4 21. Bxe4
Bxe4 22. Rxe4 Nc5 23. Re1 Qd7 24. Nf3 Nd3 25. Rd1 Qg4 26. Qe2 Rxe5 27. Be3 Red5
28. a3 Be7 29. Rd2 Bf6 30. h3 Qxh3 31. Rad1 Rh5 32. Nh4 Rxh4 33. gxh4 Ne5 34.
Rxd8+ Kh7 35. Bg5 Nf3+ 36. Qxf3 Qxf3 37. R1d3 Qg4+ 38. Rg3 Qf5 39. Bxf6 Qxf6
40. Rd7 Qe6 41. Rc7 a5 42. Re3 Qg4+ 43. Rg3 Qd1+ 44. Kh2 Qd5 45. b4 axb4 46.
axb4 b5 47. Kg1 Qe6 48. Re3 Qg4+ 49. Rg3 Qf4 50. Re7 h5 51. Rg5 Qxh4 52. Ree5
g6 53. Rxb5 Qc4 54. Rgc5 Qg4+ 55. Kh2 Qe2 56. Kg2 h4 57. Re5 Qc4 58. Rec5 Qg4+
0-1

[Event "Memorial Urbanec Miroslav"]
[Site "?"]
[Date "2009.??.??"]
[Round "?"]
[White "Sýkora, Josef"]
[Black "Cvak, Rudolf"]
[Result "1/2-1/2"]
[WhiteElo "2364"]
[BlackElo "2322"]
[PlyCount "112"]
[EventDate "2009.??.??"]
[EventType "corr"]
[SourceDate "2004.06.03"]

1. c4 Nf6 2. g3 g6 3. Bg2 Bg7 4. Nc3 O-O 5. d4 d6 6. Nf3 Nbd7 7. O-O e5 8. e4
c6 9. b3 Qb6 10. Bb2 Re8 11. Re1 exd4 12. Na4 Qd8 13. Nxd4 Nc5 14. Nxc5 dxc5
15. Nc2 a5 16. a4 Be6 17. Qf3 Qd2 18. Rac1 Bg4 19. Qe3 Qxe3 20. Nxe3 Be6 21. f4
Ng4 22. e5 Nxe3 23. Rxe3 Bf5 24. Kf2 Red8 25. Bc3 h5 26. Be4 Bxe4 27. Rxe4 b6
28. Ke2 Rd7 29. Re3 Kf8 30. Rf1 Rad8 31. h3 Re8 32. g4 hxg4 33. hxg4 Rde7 34.
Rd1 g5 35. Kf3 gxf4 36. Kxf4 f6 37. Ke4 fxe5 38. Rf3+ Kg8 39. g5 Rc8 40. Rd6
Rb7 41. Rfd3 Rf8 42. Bd2 Rbf7 43. Be3 Rf3 44. Rd8 Rg3 45. Rxf8+ Bxf8 46. Rd8
Kf7 47. Rb8 Be7 48. Rxb6 Bxg5 49. Bxg5 Rxg5 50. Rxc6 Rg3 51. Rxc5 Rxb3 52. Rxa5
Rb4 53. Kxe5 Rxc4 54. Ra7+ Ke8 55. Kd6 Kd8 56. Ra8+ Rc8 1/2-1/2

[Event "Memorial Urbanec Miroslav"]
[Site "?"]
[Date "2009.??.??"]
[Round "?"]
[White "Sýkora, Josef"]
[Black "Dedina, Miroslav"]
[Result "1/2-1/2"]
[WhiteElo "2364"]
[BlackElo "2346"]
[PlyCount "103"]
[EventDate "2009.??.??"]
[EventType "corr"]
[SourceDate "2004.06.03"]

1. c4 c5 2. g3 Nf6 3. Bg2 g6 4. Nf3 Nc6 5. O-O Bg7 6. Nc3 d6 7. d4 cxd4 8. Nxd4
Bd7 9. Nc2 Rc8 10. b3 Ng4 11. Bb2 Qa5 12. Qd2 O-O 13. Rad1 Rfd8 14. h3 Nf6 15.
Ne3 Re8 16. a3 Qb6 17. Nb5 Be6 18. Qc2 a6 19. Nd4 Ng4 20. hxg4 Nxd4 21. Qd3
Nf3+ 22. exf3 Bxb2 23. f4 Qa7 24. a4 Bd7 25. Rfe1 Bg7 26. Nd5 e6 27. Qe3 Qb8
28. Nb6 Rcd8 29. Nxd7 Rxd7 30. f5 Qc7 31. fxe6 Rxe6 32. Qa7 Ree7 33. Qa8+ Bf8
34. Rxe7 Rxe7 35. Bf3 Kg7 36. Kg2 Qb6 37. Qb8 Rd7 38. Re1 Be7 39. Bd5 Qd8 40.
Qa7 Bf6 41. f4 h6 42. Re4 a5 43. Qe3 Kf8 44. Kf3 b6 45. Qf2 Re7 46. Rxe7 Bxe7
47. Kg2 Bf6 48. g5 Bg7 49. gxh6 Bxh6 50. f5 gxf5 51. Qxf5 Qe7 52. Qc8+ 1/2-1/2

[Event "Memorial Urbanec Miroslav"]
[Site "?"]
[Date "2009.??.??"]
[Round "?"]
[White "Sýkora, Josef"]
[Black "Kuta, Jirí"]
[Result "1/2-1/2"]
[WhiteElo "2364"]
[BlackElo "2423"]
[PlyCount "52"]
[EventDate "2009.??.??"]
[EventType "corr"]
[SourceDate "2004.06.03"]

1. c4 e5 2. g3 Nf6 3. Bg2 c6 4. d4 e4 5. Nc3 Bb4 6. Qb3 Bxc3+ 7. bxc3 O-O 8.
Nh3 d6 9. O-O Re8 10. f3 exf3 11. exf3 Nbd7 12. Nf4 c5 13. Ba3 b6 14. Rae1 Bb7
15. Rxe8+ Qxe8 16. Kf2 Qf8 17. Re1 g5 18. Nd5 Re8 19. Rxe8 Qxe8 20. Qd1 Nxd5
21. cxd5 Ba6 22. Bc1 cxd4 23. cxd4 h6 24. f4 Nf6 25. fxg5 hxg5 26. Qd2 Ne4+
1/2-1/2

[Event "Memorial Urbanec Miroslav"]
[Site "?"]
[Date "2009.??.??"]
[Round "?"]
[White "Sýkora, Josef"]
[Black "Pirhala, Ladislav"]
[Result "1/2-1/2"]
[WhiteElo "2364"]
[BlackElo "2370"]
[PlyCount "75"]
[EventDate "2009.??.??"]
[EventType "corr"]
[SourceDate "2004.06.03"]

1. c4 Nf6 2. g3 e5 3. Bg2 d5 4. cxd5 Nxd5 5. Nf3 Nc6 6. O-O Nb6 7. d3 Be7 8.
Nbd2 O-O 9. a3 a5 10. b3 Be6 11. Bb2 f6 12. Qc2 Qd7 13. Rfd1 Rfd8 14. Nc4 Qe8
15. Nfd2 Nd5 16. Nf3 Qf7 17. Rab1 Bf8 18. d4 a4 19. bxa4 Nf4 20. d5 Bxd5 21.
gxf4 Bxc4 22. Rxd8 Rxd8 23. fxe5 Bb3 24. Qf5 Qc4 25. Re1 g6 26. Qh3 Qc2 27. Ba1
f5 28. Ng5 h6 29. e6 Rd1 30. Rxd1 Qxd1+ 31. Bf1 Bc4 32. Qc3 Qd4 33. Qxd4 Nxd4
34. Bxd4 hxg5 35. Bf6 Bxe6 36. Bxg5 Bxa3 37. Bg2 c6 38. e4 1/2-1/2

[Event "Memorial Urbanec Miroslav"]
[Site "?"]
[Date "2009.??.??"]
[Round "?"]
[White "Sýkora, Josef"]
[Black "Pravec, Ladislav"]
[Result "1/2-1/2"]
[WhiteElo "2364"]
[BlackElo "2324"]
[PlyCount "48"]
[EventDate "2009.??.??"]
[EventType "corr"]
[SourceDate "2004.06.03"]

1. c4 Nf6 2. Nc3 g6 3. g3 Bg7 4. Bg2 O-O 5. d4 d6 6. Nf3 c5 7. O-O Nc6 8. d5
Na5 9. Nd2 a6 10. Rb1 Rb8 11. b3 b5 12. Bb2 Bh6 13. e3 bxc4 14. Nxc4 Nxc4 15.
bxc4 Qa5 16. Ba1 Bd7 17. Qc2 Bg7 18. h3 Rfc8 19. Ne2 Qa4 20. Rb3 Rb4 21. Rc1
Rcb8 22. Rcb1 R8b7 23. e4 Qa5 24. Bc3 Ba4 1/2-1/2

[Event "Memorial Urbanec Miroslav"]
[Site "?"]
[Date "2009.??.??"]
[Round "?"]
[White "Sýkora, Josef"]
[Black "Schwarz, Jan"]
[Result "1-0"]
[WhiteElo "2364"]
[BlackElo "2325"]
[PlyCount "85"]
[EventDate "2009.??.??"]
[EventType "corr"]
[SourceDate "2004.06.03"]

1. c4 e5 2. g3 c6 3. Bg2 Nf6 4. d4 exd4 5. Qxd4 Na6 6. Nf3 d5 7. O-O Bc5 8.
Qe5+ Be6 9. Ng5 Qe7 10. Nxe6 Qxe6 11. Bf4 O-O 12. Qxe6 fxe6 13. Nd2 Rae8 14.
Nb3 Bb6 15. Bd6 Rf7 16. Rac1 Rd7 17. Ba3 dxc4 18. Rxc4 e5 19. e3 Kf7 20. h4 h6
21. Rfc1 Red8 22. Bf1 Nc7 23. Nc5 Bxc5 24. Bxc5 Rd2 25. Ra4 Nb5 26. Rb1 a6 27.
Bc4+ Kg6 28. Bb3 e4 29. Bb4 R2d7 30. Rc1 Re8 31. Kg2 Nc7 32. Be1 Ncd5 33. Rd4
Kf5 34. Bd1 g6 35. Kh3 h5 36. Bc2 c5 37. Rc4 b6 38. a3 Rc7 39. Bb1 Rd7 40. b4
cxb4 41. axb4 Ree7 42. f3 g5 43. fxe4+ 1-0

[Event "Memorial Urbanec Miroslav"]
[Site "?"]
[Date "2009.??.??"]
[Round "?"]
[White "Sýkora, Josef"]
[Black "Zahour, Jirí"]
[Result "1/2-1/2"]
[WhiteElo "2364"]
[BlackElo "2331"]
[PlyCount "102"]
[EventDate "2009.??.??"]
[EventType "corr"]
[SourceDate "2004.06.03"]

1. c4 e5 2. g3 Nf6 3. Bg2 c6 4. d4 exd4 5. Qxd4 Na6 6. Nc3 Bc5 7. Qe5+ Be7 8.
Nf3 O-O 9. O-O d6 10. Qd4 h6 11. b3 Nc5 12. Bb2 a5 13. Rad1 Bf5 14. Qd2 Qb6 15.
Nd4 Bg6 16. Ba3 Rad8 17. Qf4 Ne6 18. Nxe6 fxe6 19. c5 dxc5 20. Qc4 Qc7 21. Bxc5
Nd5 22. Ne4 Bf7 23. Rd2 Bxc5 24. Qxc5 b6 25. Qc1 Rd7 26. Rfd1 Rfd8 27. Bf3 Bg6
28. Nc3 Nxc3 29. Qxc3 Rxd2 30. Rxd2 Rxd2 31. Qxd2 c5 32. a4 Be8 33. Qc2 Qd6 34.
Kg2 e5 35. Be4 Bf7 36. f3 g5 37. Bd3 Kg7 38. Bc4 Bg6 39. Qc1 Qd4 40. e3 Qd7 41.
Qb2 Kf6 42. Qe2 h5 43. h4 gxh4 44. gxh4 Bf7 45. Qc2 Bxc4 46. bxc4 e4 47. Qxe4
Qxa4 48. f4 Qd1 49. Qe5+ Kf7 50. Qc7+ Ke8 51. Qc6+ Ke7 1/2-1/2

[Event "Memorial Urbanec Miroslav"]
[Site "?"]
[Date "2009.??.??"]
[Round "?"]
[White "Valák, Alois"]
[Black "Cvak, Rudolf"]
[Result "1-0"]
[WhiteElo "2415"]
[BlackElo "2322"]
[PlyCount "69"]
[EventDate "2009.??.??"]
[EventType "corr"]
[SourceDate "2004.06.03"]

1. e4 c5 2. Nf3 d6 3. d4 cxd4 4. Nxd4 Nf6 5. Nc3 Nc6 6. Bg5 Bd7 7. Qd2 Rc8 8.
f4 Nxd4 9. Qxd4 Qa5 10. e5 dxe5 11. fxe5 e6 12. O-O-O Bc6 13. Nb5 Bxb5 14. exf6
Bc6 15. h4 g6 16. Bc4 Bc5 17. Qg4 h5 18. Qg3 O-O 19. Bd2 Qb6 20. Rhe1 Bd4 21.
Bc3 Bxc3 22. bxc3 Be8 23. Qf4 Kh7 24. Re5 Rc5 25. Rdd5 Rxd5 26. Bxd5 Qg1+ 27.
Kb2 Qb6+ 28. Bb3 Rg8 29. g4 Bd7 30. gxh5 Qd8 31. hxg6+ Rxg6 32. Rh5+ Kg8 33.
Rg5 Kh7 34. Rxg6 fxg6 35. h5 1-0

[Event "Memorial Urbanec Miroslav"]
[Site "?"]
[Date "2009.??.??"]
[Round "?"]
[White "Valák, Alois"]
[Black "Kýhos, Alois"]
[Result "1-0"]
[WhiteElo "2415"]
[BlackElo "2402"]
[PlyCount "111"]
[EventDate "2009.??.??"]
[EventType "corr"]
[SourceDate "2004.06.03"]

1. e4 e5 2. Nf3 Nc6 3. Bb5 a6 4. Ba4 Nf6 5. O-O Be7 6. Re1 b5 7. Bb3 d6 8. c3
O-O 9. h3 Qd7 10. d3 Bb7 11. Nbd2 Rfe8 12. Nf1 Nd8 13. Ng3 Ne6 14. d4 exd4 15.
Nxd4 Nc5 16. Bc2 g6 17. Bh6 a5 18. Qd2 d5 19. e5 Nfe4 20. Qe3 Nxg3 21. Qxg3 Ne4
22. Bxe4 dxe4 23. Rad1 c5 24. e6 fxe6 25. Nf3 Bd5 26. Ne5 Qc7 27. Bf4 Bf6 28.
a4 Qb7 29. axb5 Qxb5 30. Ng4 Bg7 31. Be5 Re7 32. Rd2 Qb7 33. Red1 c4 34. Bxg7
Rxg7 35. Nf6+ Kh8 36. Nxd5 exd5 37. Rxd5 Re8 38. Rd8 Rge7 39. Qd6 Kg7 40. Qd4+
Kh6 41. Rxe8 Rxe8 42. Qxc4 Qa7 43. Re1 Qb6 44. b4 axb4 45. cxb4 Qe6 46. Qd4 Qe5
47. Qxe5 Rxe5 48. f4 Rd5 49. Kf2 g5 50. fxg5+ Kxg5 51. Rxe4 Rd3 52. Ke2 Rd5 53.
Rc4 Kf6 54. Rc5 Rd4 55. b5 Rd7 56. g4 1-0

[Event "Memorial Urbanec Miroslav"]
[Site "?"]
[Date "2009.??.??"]
[Round "?"]
[White "Valák, Alois"]
[Black "Novák, Vratislav"]
[Result "1/2-1/2"]
[WhiteElo "2415"]
[BlackElo "2311"]
[PlyCount "63"]
[EventDate "2009.??.??"]
[EventType "corr"]
[SourceDate "2004.06.03"]

1. e4 c6 2. d4 d5 3. exd5 cxd5 4. c4 Nf6 5. Nc3 Nc6 6. Nf3 Bg4 7. cxd5 Nxd5 8.
Bc4 e6 9. O-O Be7 10. h3 Bxf3 11. Qxf3 Nxd4 12. Qe4 Nf6 13. Qxb7 Rb8 14. Qa6
O-O 15. Rd1 e5 16. b3 Qc7 17. Bd2 Rfd8 18. Ne2 Ne4 19. Qa5 Rb6 20. Nxd4 Nxd2
21. Qxd2 Rxd4 22. Qc2 Bf6 23. Rxd4 exd4 24. Rc1 g6 25. Bd3 Qc3 26. Qd1 Qb4 27.
Qe1 Qf8 28. Qa5 Qb8 29. Qc5 Qf4 30. g3 Qd2 31. Qa3 Rb8 32. Rc6 1/2-1/2

[Event "Memorial Urbanec Miroslav"]
[Site "?"]
[Date "2009.??.??"]
[Round "?"]
[White "Valák, Alois"]
[Black "Pirhala, Ladislav"]
[Result "1/2-1/2"]
[WhiteElo "2415"]
[BlackElo "2370"]
[PlyCount "88"]
[EventDate "2009.??.??"]
[EventType "corr"]
[SourceDate "2004.06.03"]

1. e4 c5 2. Nf3 d6 3. d4 cxd4 4. Nxd4 Nf6 5. Nc3 a6 6. Be3 e5 7. Nb3 Be6 8. f3
Be7 9. Qd2 O-O 10. O-O-O Nbd7 11. g4 b5 12. g5 b4 13. Ne2 Ne8 14. f4 a5 15. f5
a4 16. Nbd4 exd4 17. Nxd4 b3 18. Kb1 bxc2+ 19. Nxc2 Bb3 20. axb3 axb3 21. Na3
Ne5 22. h4 Ra4 23. Qg2 Qa8 24. Bd4 Nc7 25. h5 Rb8 26. Rh3 Nb5 27. Bxb5 Rxb5 28.
f6 Bf8 29. fxg7 Bxg7 30. Bxe5 Bxe5 31. g6 fxg6 32. hxg6 Rb8 33. Rd5 Ra7 34.
Rxh7 Rxh7 35. gxh7+ Kh8 36. Qf3 Qc6 37. Rd1 Bg7 38. Qd3 Rb4 39. Re1 Qa8 40. Re3
Qb7 41. Qd1 Qf7 42. Rd3 Be5 43. Rh3 Rb8 44. Re3 Rb7 1/2-1/2

[Event "Memorial Urbanec Miroslav"]
[Site "?"]
[Date "2009.??.??"]
[Round "?"]
[White "Valák, Alois"]
[Black "Pravec, Ladislav"]
[Result "1/2-1/2"]
[WhiteElo "2415"]
[BlackElo "2324"]
[PlyCount "54"]
[EventDate "2009.??.??"]
[EventType "corr"]
[SourceDate "2004.06.03"]

1. e4 c5 2. Nf3 Nc6 3. d4 cxd4 4. Nxd4 Nf6 5. Nc3 e5 6. Ndb5 d6 7. Bg5 a6 8.
Na3 b5 9. Nd5 Be7 10. Bxf6 Bxf6 11. c3 O-O 12. Nc2 Bg5 13. a4 bxa4 14. Rxa4 Ne7
15. Bc4 a5 16. O-O Bd7 17. Ra2 Rb8 18. Nde3 Qc7 19. Qd3 g6 20. Rd1 Bc6 21. b4
Bxe3 22. Qxe3 axb4 23. Nxb4 Bb7 24. Bf1 Ra8 25. Rad2 Rfd8 26. c4 Ra5 27. Na2
Nc6 1/2-1/2

[Event "Memorial Urbanec Miroslav"]
[Site "?"]
[Date "2009.??.??"]
[Round "?"]
[White "Valák, Alois"]
[Black "Schwarz, Jan"]
[Result "1-0"]
[WhiteElo "2415"]
[BlackElo "2325"]
[PlyCount "65"]
[EventDate "2009.??.??"]
[EventType "corr"]
[SourceDate "2004.06.03"]

1. e4 g6 2. d4 Bg7 3. Nc3 c6 4. Bc4 d6 5. Nf3 Nf6 6. Bb3 O-O 7. O-O Bg4 8. h3
Bxf3 9. Qxf3 Nbd7 10. Be3 e6 11. Rad1 Qc7 12. Bf4 b5 13. Rd2 a6 14. Rfd1 Rfd8
15. Ne2 Nh5 16. Bg5 Re8 17. c3 d5 18. e5 f6 19. g4 fxg5 20. gxh5 Rf8 21. Qe3
gxh5 22. Kh1 g4 23. Nf4 Rae8 24. hxg4 Qd8 25. f3 Qg5 26. Nxd5 Qxe3 27. Nxe3
Rxf3 28. Nf5 Bf8 29. Rg1 Kh8 30. Bd1 Rf4 31. Ng3 hxg4 32. b4 a5 33. Nh5 1-0

[Event "Memorial Urbanec Miroslav"]
[Site "?"]
[Date "2009.??.??"]
[Round "?"]
[White "Valák, Alois"]
[Black "Sýkora, Josef"]
[Result "1/2-1/2"]
[WhiteElo "2415"]
[BlackElo "2364"]
[PlyCount "88"]
[EventDate "2009.??.??"]
[EventType "corr"]
[SourceDate "2004.06.03"]

1. e4 c6 2. d4 d5 3. exd5 cxd5 4. c3 Nc6 5. Nf3 Qc7 6. c4 Nf6 7. Nc3 dxc4 8.
Bxc4 Bg4 9. O-O e6 10. d5 O-O-O 11. Nb5 Qb6 12. Be3 Bc5 13. Bxc5 Qxc5 14. Qc1
exd5 15. Qf4 Qb6 16. Bd3 Bxf3 17. gxf3 Rd7 18. Rfc1 Re8 19. Nd6+ Rxd6 20. Qxd6
Qc7 21. Qg3 Kb8 22. Bb5 Nh5 23. Qg4 Nf4 24. Qxg7 a6 25. Bxc6 bxc6 26. Re1 Ne2+
27. Kh1 d4 28. Rad1 c5 29. Qxh7 Qd6 30. Qf5 Rh8 31. h3 d3 32. Rxd3 Qxd3 33.
Qe5+ Ka7 34. Qxe2 Qg6 35. Kh2 Qh6 36. Qe7+ Kb6 37. Kg1 Qg6+ 38. Kf1 Qd3+ 39.
Qe2 Qd7 40. Qe5 Qxh3+ 41. Ke2 Rh6 42. Qb8+ Kc6 43. Qe8+ Qd7 44. Qxd7+ Kxd7
1/2-1/2

[Event "Memorial Urbanec Miroslav"]
[Site "?"]
[Date "2009.??.??"]
[Round "?"]
[White "Zahour, Jirí"]
[Black "Canibal, Jaromír"]
[Result "1/2-1/2"]
[WhiteElo "2331"]
[BlackElo "2354"]
[PlyCount "75"]
[EventDate "2009.??.??"]
[EventType "corr"]
[SourceDate "2004.06.03"]

1. e4 e5 2. Nf3 Nc6 3. Bb5 a6 4. Bxc6 dxc6 5. O-O Qd6 6. Na3 b5 7. c3 c5 8. Nc2
Bb7 9. Re1 Ne7 10. a4 c4 11. axb5 axb5 12. Rxa8+ Bxa8 13. b3 cxb3 14. Na3 c6
15. Qxb3 Ng6 16. d4 Be7 17. Nc2 exd4 18. Ncxd4 O-O 19. Nf5 Qc7 20. Nxe7+ Nxe7
21. c4 Ng6 22. Bb2 bxc4 23. Qc3 f6 24. Ba3 Rd8 25. Qxc4+ Qf7 26. Qc3 Nf4 27.
Bc5 Bb7 28. Nd4 h6 29. Bb6 Rd7 30. Qc2 Ba6 31. Qxc6 Kh7 32. Qa4 Bd3 33. g3 Nh3+
34. Kg2 Ng5 35. h4 Nxe4 36. Qd1 Bc4 37. f3 Nd6 38. Bc5 1/2-1/2

[Event "Memorial Urbanec Miroslav"]
[Site "?"]
[Date "2009.??.??"]
[Round "?"]
[White "Zahour, Jirí"]
[Black "Dedina, Miroslav"]
[Result "1-0"]
[WhiteElo "2331"]
[BlackElo "2346"]
[PlyCount "107"]
[EventDate "2009.??.??"]
[EventType "corr"]
[SourceDate "2004.06.03"]

1. e4 e5 2. Nf3 Nc6 3. Bb5 Nf6 4. O-O Nxe4 5. d4 Be7 6. Qe2 Nd6 7. Bxc6 bxc6 8.
dxe5 Nb7 9. Be3 O-O 10. Rd1 d5 11. c4 Be6 12. Nc3 Na5 13. b3 Qd7 14. Rac1 a6
15. Ng5 Rad8 16. cxd5 cxd5 17. Qxa6 Ra8 18. Qd3 Bxg5 19. Bxg5 c6 20. Na4 Rfb8
21. Qg3 Bf5 22. Bd2 Qe6 23. Bxa5 Rxa5 24. Qc3 Raa8 25. h3 h5 26. Nc5 Qh6 27. a4
Qf4 28. Re1 Qb4 29. e6 Qxc3 30. Rxc3 fxe6 31. Nxe6 Rb4 32. Re5 Bxe6 33. Rxe6
Ra6 34. Rcxc6 Rxc6 35. Rxc6 Rxb3 36. Rd6 Rb1+ 37. Kh2 Rd1 38. Kg3 Kf7 39. a5 d4
40. a6 Ke7 41. Rb6 d3 42. Kf4 Re1 43. a7 Ra1 44. Rb7+ Kf6 45. Ke3 Ra3 46. h4 g5
47. hxg5+ Kxg5 48. g3 Kf6 49. Rd7 Kf5 50. f3 Kf6 51. Rb7 Ke5 52. Rb5+ Ke6 53.
Rxh5 Rxa7 54. Kxd3 1-0

[Event "Memorial Urbanec Miroslav"]
[Site "?"]
[Date "2009.??.??"]
[Round "?"]
[White "Zahour, Jirí"]
[Black "Fric, Pavel"]
[Result "0-1"]
[WhiteElo "2331"]
[BlackElo "2433"]
[PlyCount "90"]
[EventDate "2009.??.??"]
[EventType "corr"]
[SourceDate "2004.06.03"]

1. e4 c5 2. Nf3 d6 3. d4 cxd4 4. Nxd4 Nf6 5. Nc3 a6 6. Be3 e6 7. Be2 Qc7 8. a4
b6 9. f4 Bb7 10. Bf3 Nbd7 11. f5 e5 12. Nb3 Be7 13. g4 h6 14. Qd3 O-O 15. O-O-O
b5 16. Kb1 bxa4 17. Nxa4 Qc6 18. Nc3 a5 19. h4 a4 20. Nc1 Rfb8 21. Nd5 Nxd5 22.
exd5 Qc8 23. Qa3 Ba6 24. f6 Nxf6 25. g5 Rb7 26. gxf6 Bxf6 27. Be2 Rab8 28. Bxa6
Rxb2+ 29. Qxb2 Rxb2+ 30. Kxb2 Qxa6 31. c3 Qb5+ 32. Ka1 Qc4 33. Na2 Bxh4 34. Rb1
Bf6 35. Rhd1 h5 36. Ba7 h4 37. Rb4 Qe2 38. Rc1 g5 39. Rxa4 h3 40. Rb4 e4 41.
Rb2 Qd3 42. Nb4 Qc4 43. Na2 Qxd5 44. Rg1 Qd3 45. Rh2 Kf8 0-1

[Event "Memorial Urbanec Miroslav"]
[Site "?"]
[Date "2009.??.??"]
[Round "?"]
[White "Zahour, Jirí"]
[Black "Hladecek, Miloslav"]
[Result "1/2-1/2"]
[WhiteElo "2331"]
[BlackElo "2420"]
[PlyCount "46"]
[EventDate "2009.??.??"]
[EventType "corr"]
[SourceDate "2004.06.03"]

1. e4 e6 2. d4 d5 3. Nd2 c5 4. Ngf3 Nf6 5. exd5 exd5 6. Bb5+ Bd7 7. Bxd7+ Nbxd7
8. O-O Be7 9. dxc5 Nxc5 10. Nb3 Nce4 11. Nfd4 Nd6 12. Re1 O-O 13. Bf4 Re8 14.
Nd2 Qb6 15. c3 Nc4 16. Nxc4 dxc4 17. Be5 Qxb2 18. Qf3 Nd7 19. Bxg7 Kxg7 20.
Rab1 Bf6 21. Red1 Qxa2 22. Ra1 Qb2 23. Rab1 Qa3 1/2-1/2

[Event "Memorial Urbanec Miroslav"]
[Site "?"]
[Date "2009.??.??"]
[Round "?"]
[White "Zahour, Jirí"]
[Black "Kýhos, Alois"]
[Result "1/2-1/2"]
[WhiteElo "2331"]
[BlackElo "2402"]
[PlyCount "80"]
[EventDate "2009.??.??"]
[EventType "corr"]
[SourceDate "2004.06.03"]

1. e4 e5 2. Nf3 Nc6 3. Bb5 a6 4. Bxc6 dxc6 5. O-O f6 6. d4 exd4 7. Nxd4 c5 8.
Nb3 Qxd1 9. Rxd1 Bg4 10. f3 Be6 11. Nc3 Bd6 12. Be3 b6 13. a4 Kf7 14. a5 c4 15.
Nd4 b5 16. Nxe6 Kxe6 17. b3 cxb3 18. cxb3 Ne7 19. Rac1 Ba3 20. Rc2 Rhd8 21. Nd5
Nxd5 22. Rc6+ Rd6 23. exd5+ Kd7 24. Rc2 g5 25. Bf2 f5 26. Bc5 Bxc5+ 27. Rxc5
Re8 28. Rdc1 Rc8 29. Rc6 b4 30. h4 gxh4 31. R1c4 Rxc6 32. dxc6+ Kd6 33. Rxb4
Kxc6 34. Kf2 Rd8 35. Rxh4 Rd5 36. Rh6+ Kb5 37. Rxh7 Kb4 38. Rxc7 Kxb3 39. Rc6
Rxa5 40. Kg3 Ra1 1/2-1/2

[Event "Memorial Urbanec Miroslav"]
[Site "?"]
[Date "2009.??.??"]
[Round "?"]
[White "Zahour, Jirí"]
[Black "Nedoma, Petr"]
[Result "0-1"]
[WhiteElo "2331"]
[BlackElo "2375"]
[PlyCount "84"]
[EventDate "2009.??.??"]
[EventType "corr"]
[SourceDate "2004.06.03"]

1. e4 c5 2. Nf3 Nc6 3. Bb5 d6 4. O-O Bd7 5. Re1 Nf6 6. c3 a6 7. Bf1 g6 8. d4
Bg4 9. Be3 Nxe4 10. Qb3 cxd4 11. Bxd4 Nxd4 12. cxd4 Bxf3 13. gxf3 Nf6 14. Qxb7
Rb8 15. Qxa6 Bh6 16. Bb5+ Kf8 17. Nc3 e6 18. Rad1 d5 19. Qa7 Nh5 20. Kh1 Kg7
21. Rg1 Qf6 22. Rg2 Rhc8 23. Qa6 Ra8 24. Qd6 Qxf3 25. Be2 Qf4 26. Qb4 Rab8 27.
Qa3 Qh4 28. Rg4 Qf6 29. Rgg1 Nf4 30. Bf1 Qf5 31. Re1 Qc2 32. Nd1 Ra8 33. Qb3
Qxb3 34. axb3 Rc1 35. Be2 Raa1 36. Bf3 Nh3 37. Rg2 Bg5 38. Rf1 Bh4 39. b4 Rc2
40. b3 f5 41. b5 Rb2 42. b4 Rxb4 0-1

[Event "Memorial Urbanec Miroslav"]
[Site "?"]
[Date "2009.??.??"]
[Round "?"]
[White "Zahour, Jirí"]
[Black "Valák, Alois"]
[Result "1/2-1/2"]
[WhiteElo "2331"]
[BlackElo "2415"]
[PlyCount "76"]
[EventDate "2009.??.??"]
[EventType "corr"]
[SourceDate "2004.06.03"]

1. e4 c5 2. Nf3 Nc6 3. Bb5 g6 4. Bxc6 bxc6 5. O-O Bg7 6. Re1 Nf6 7. e5 Nd5 8.
c4 Nc7 9. d4 cxd4 10. Qxd4 O-O 11. Qh4 f6 12. exf6 exf6 13. b3 Ne6 14. Bb2 Bb7
15. Qg3 Re8 16. Nc3 f5 17. Rad1 Qa5 18. a3 d5 19. b4 Qa6 20. b5 cxb5 21. cxd5
Nf8 22. Qh4 Qb6 23. Re7 Rxe7 24. Qxe7 Bf6 25. Qb4 Nd7 26. Nxb5 a6 27. Nbd4 Qxb4
28. axb4 Nb6 29. d6 Bxf3 30. gxf3 Be5 31. d7 Nxd7 32. Nc6 Bxb2 33. Rxd7 Bf6 34.
Rb7 Re8 35. Kf1 Bc3 36. Ra7 Re1+ 37. Kg2 Ra1 38. Ne7+ Kh8 1/2-1/2